[Event "2nd Irena Warakomska Memorial-A"]
[Site "Suwalki"]
[Date "2018.08.07"]
[Round "8"]
[White "Lewtak, Damian"]
[Black "Markowski, Tomasz"]
[Result "1/2-1/2"]
[WhiteElo "2369"]
[BlackElo "2562"]
[Annotator "ChessBase"]
[PlyCount "123"]
[EventDate "2018.08.01"]
[EventType "swiss"]
[EventCountry "POL"]
[SourceTitle "playchess.com"]
[Source "ChessBase"]
[SourceQuality "1"]
[TimeControl "40/5400+30:1800+30"]

1. d4 {[%emt 0:00:00]} Nf6 {[%emt 0:01:27]} 2. c3 {[%emt 0:00:00]} e6 {[%emt 0:00:40]} 3. Bf4 {[%emt 0:00:00]} b6 {[%emt 0:00:23]} 4. e3 {[%emt 0:01:02]} Bb7 {[%emt 0:00:05]} 5. Nd2 {[%emt 0:00:08]} Be7 {[%emt 0:01:24]} 6. h3 {[%emt 0:01:21]} O-O {[%emt 0:00:07]} 7. Bh2 {[%emt 0:00:06]} c5 {[%emt 0:00:50]} 8. Ngf3 {[%emt 0:00:41]} Nc6 {[%emt 0:04:28]} 9. Bd3 {[%emt 0:01:08]} d5 {[%emt 0:02:02]} 10. O-O {[%emt 0:02:50]} Bd6 {[%emt 0:01:39]} 11. Ne5 {[%emt 0:00:28]} Qc7 {[%emt 0:00:14]} 12. f4 {[%emt 0:00:13]} Ne7 {[%emt 0:00:58]} 13. Qc2 {[%emt 0:04:56]} c4 {[%emt 0:01:47]} 14. Be2 {[%emt 0:00:06]} b5 {[%emt 0:02:19]} 15. Bf3 {[%emt 0:05:30]} Nf5 {[%emt 0:07:37]} 16. Rae1 {[%emt 0:01:25]} Nh4 {[%emt 0:00:24]} 17. Bd1 {[%emt 0:01:04]} Ne4 {[%emt 0:01:21]} 18. g3 {[%emt 0:25:01]} Nf5 {[%emt 0:01:45]} 19. g4 {[%emt 0:00:05]} Ne7 {[%emt 0:01:09]} 20. Bf3 {[%emt 0:01:58]} f5 {[%emt 0:04:00]} 21. Nxe4 {[%emt 0:04:45]} dxe4 {[%emt 0:00:38]} 22. Be2 {[%emt 0:00:16]} Nd5 {[%emt 0:05:56]} 23. Qc1 {[%emt 0:06:12]} a5 {[%emt 0:00:36]} 24. a4 {[%emt 0:05:45]} Ba6 {[%emt 0:01:51]} 25. axb5 {[%emt 0:07:32]} Bxb5 {[%emt 0:01:29]} 26. Qd2 {[%emt 0:00:07]} a4 {[%emt 0:03:33]} 27. Ra1 {[%emt 0:00:06]} Ra7 {[%emt 0:03:57]} 28. Ra2 {[%emt 0:02:11]} Rc8 {[%emt 0:03:35]} 29. Bg3 {[%emt 0:01:54]} Qe7 {[%emt 0:07:48]} 30. Kh2 {[%emt 0:00:47]} Rb7 {[%emt 0:04:17]} 31. Rfa1 {[%emt 0:02:51]} Qc7 {[%emt 0:03:04]} 32. Bd1 {[%emt 0:01:49]} Rcb8 {[%emt 0:01:05]} 33. Be2 {[%emt 0:01:49]} Ba6 {[%emt 0:00:40]} 34. Bd1 {[%emt 0:00:21]} Bb5 {[%emt 0:10:06]} 35. Be2 {[%emt 0:00:06]} h6 {[%emt 0:05:30]} 36. h4 {[%emt 0:02:32]} Ba6 {[%emt 0:00:41]} 37. Bd1 {[%emt 0:02:07]} Bb5 {[%emt 0:03:58]} 38. g5 {[%emt 0:00:31]} Be8 {[%emt 0:01:27]} 39. gxh6 {[%emt 0:00:26]} gxh6 {[%emt 0:00:05]} 40. Be2 {[%emt 0:00:00]} Bb5 {[%emt 0:00:00]} 41. Rg1 {[%emt 0:00:55]} Kh7 {[%emt 0:06:39]} 42. h5 {[%emt 0:00:42]} Rg8 {[%emt 0:03:00]} 43. Raa1 {[%emt 0:02:04]} Bxe5 {[%emt 0:00:56]} 44. dxe5 {[%emt 0:09:28]} Qb6 {[%emt 0:03:09]} 45. Bf2 {[%emt 0:00:05]} Nxf4 {[%emt 0:01:22]} 46. Rxg8 {[%emt 0:00:29]} Kxg8 {[%emt 0:00:16]} 47. Rg1+ {[%emt 0:00:05]} Kh7 {[%emt 0:01:07]} 48. Bh4 {[%emt 0:01:34]} Nd5 {[%emt 0:09:18]} 49. Bxc4 {[%emt 0:03:08]} Qxe3 {[%emt 0:04:01]} 50. Qxe3 {[%emt 0:00:08]} Nxe3 {[%emt 0:00:02]} 51. Bxe6 {[%emt 0:00:06]} Bc4 {[%emt 0:00:55]} 52. Bxc4 {[%emt 0:01:08]} Nxc4 {[%emt 0:00:07]} 53. e6 {[%emt 0:05:43]} Ne5 {[%emt 0:03:56]} 54. e7 {[%emt 0:07:45]} Rb8 {[%emt 0:00:12]} 55. Kg3 {[%emt 0:02:06]} Nd3 {[%emt 0:00:43]} 56. Rf1 {[%emt 0:02:42]} Rg8+ {[%emt 0:01:21]} 57. Kh3 {[%emt 0:00:10]} f4 {[%emt 0:00:31]} 58. Rg1 {[%emt 0:00:45]} Re8 {[%emt 0:01:34]} 59. Bf6 {[%emt 0:02:05]} e3 {[%emt 0:00:14]} 60. Rg7+ {[%emt 0:11:47]} Kh8 {[%emt 0:00:16]} 61. Kg4 {[%emt 0:00:16]} e2 {[%emt 0:00:36]} 62. Rg6+ 1/2-1/2

[Event "2nd Irena Warakomska Memorial-A"]
[Site "Suwalki"]
[Date "2018.08.07"]
[Round "8"]
[White "Teclaf, Pawel"]
[Black "Bugalski, Michal"]
[Result "1-0"]
[WhiteElo "2362"]
[BlackElo "2263"]
[Annotator "NA"]
[PlyCount "145"]
[EventDate "2018.08.01"]
[EventType "swiss"]
[EventCountry "POL"]
[SourceTitle "playchess.com"]
[Source "ChessBase"]
[SourceQuality "1"]
[TimeControl "40/5400+30:1800+30"]

1. e4 {[%emt 0:00:00]} e5 {[%emt 0:00:00]} 2. Nf3 {[%emt 0:00:00]} Nc6 {[%emt 0:00:00]} 3. Bb5 {[%emt 0:00:00]} Nge7 {[%emt 0:00:00]} 4. c3 {[%emt 0:01:56]} a6 {[%emt 0:01:40]} 5. Ba4 {[%emt 0:00:11]} d6 {[%emt 0:00:06]} 6. d4 {[%emt 0:01:38]} Bd7 {[%emt 0:00:23]} 7. h4 {[%emt 0:23:26]} h6 {[%emt 0:06:00]} 8. h5 {[%emt 0:02:51]} b5 {[%emt 0:17:28]} 9. Bb3 {[%emt 0:01:13]} Nc8 {[%emt 0:17:37]} 10. a4 {[%emt 0:07:41]} Nb6 {[%emt 0:11:06]} 11. a5 {[%emt 0:04:32]} Nc8 {[%emt 0:00:28]} 12. Be3 {[%emt 0:03:43]} Be7 {[%emt 0:01:50]} 13. dxe5 {[%emt 0:07:20]} dxe5 {[%emt 0:01:56]} 14. Qd5 {[%emt 0:02:43]} Nd6 {[%emt 0:06:38]} 15. Nxe5 {[%emt 0:00:55]} Nxe5 {[%emt 0:00:06]} 16. Qxe5 {[%emt 0:00:05]} O-O {[%emt 0:00:05]} 17. Bd5 {[%emt 0:05:17]} Rb8 {[%emt 0:04:52]} 18. Qg3 {[%emt 0:06:54]} Kh8 {[%emt 0:04:13]} 19. Bd4 {[%emt 0:01:09]} f6 {[%emt 0:02:59]} 20. Nd2 {[%emt 0:01:44]} b4 {[%emt 0:05:21]} 21. cxb4 {[%emt 0:07:10]} c6 {[%emt 0:00:40]} 22. Bb3 {[%emt 0:01:52]} Rxb4 {[%emt 0:00:29]} 23. Qe3 {[%emt 0:00:53]} Re8 {[%emt 0:04:51]} 24. O-O {[%emt 0:02:26]} Rb5 {[%emt 0:03:21]} 25. Bb6 {[%emt 0:04:22]} Qb8 {[%emt 0:00:01]} 26. Bd1 {[%emt 0:02:32]} f5 {[%emt 0:02:19]} 27. Be2 {[%emt 0:02:19]} f4 {[%emt 0:01:22]} 28. Qc3 {[%emt 0:01:44]} Bf6 {[%emt 0:01:16]} 29. Bd4 {[%emt 0:00:01]} Bxd4 30. Qxd4 {[%emt 0:00:01]} Rb4 {[%emt 0:03:07]} 31. Qd3 {[%emt 0:01:30]} Bc8 {[%emt 0:03:42]} 32. Bf3 {[%emt 0:02:13]} Nf7 {[%emt 0:00:48]} 33. b3 {[%emt 0:00:58]} Rd8 {[%emt 0:00:47]} 34. Qc2 {[%emt 0:01:33]} Rbd4 {[%emt 0:00:17]} 35. Rfd1 {[%emt 0:01:24]} Ne5 {[%emt 0:00:40]} 36. Be2 {[%emt 0:00:53]} Qb4 {[%emt 0:00:21]} 37. Nf3 {[%emt 0:01:04]} Nxf3+ {[%emt 0:00:51]} 38. Bxf3 {[%emt 0:00:01]} c5 {[%emt 0:00:41]} 39. Rdc1 {[%emt 0:01:07]} Rd2 {[%emt 0:00:27]} 40. Qxc5 {[%emt 0:00:00]} Qxb3 {[%emt 0:00:00]} 41. Qe5 {[%emt 0:14:00]} Qb2 {[%emt 0:04:36]} 42. Qxb2 {[%emt 0:02:06]} Rxb2 {[%emt 0:00:02]} 43. Rab1 {[%emt 0:00:55]} Rxb1 {[%emt 0:00:12]} 44. Rxb1 {[%emt 0:00:26]} Be6 {[%emt 0:00:15]} 45. Be2 {[%emt 0:00:27]} Rd2 {[%emt 0:04:32]} 46. Bxa6 {[%emt 0:00:21]} Ra2 {[%emt 0:00:06]} 47. Bd3 {[%emt 0:02:27]} Rxa5 {[%emt 0:00:07]} 48. Rb8+ {[%emt 0:00:03]} Kh7 {[%emt 0:00:05]} 49. e5+ {[%emt 0:00:34]} g6 {[%emt 0:00:06]} 50. hxg6+ {[%emt 0:01:12]} Kg7 {[%emt 0:00:18]} 51. Rb7+ {[%emt 0:00:13]} Kg8 {[%emt 0:03:21]} 52. Rb6 {[%emt 0:02:01]} Ba2 {[%emt 0:00:20]} 53. Rb8+ {[%emt 0:02:31]} Kg7 {[%emt 0:00:07]} 54. Re8 {[%emt 0:00:44]} Ra3 {[%emt 0:09:07]} 55. Be4 {[%emt 0:00:28]} Ra6 {[%emt 0:00:05]} 56. Kh2 {[%emt 0:00:47]} h5 {[%emt 0:03:55]} 57. g3 {[%emt 0:00:45]} fxg3+ {[%emt 0:00:06]} 58. Kxg3 {[%emt 0:00:07]} h4+ {[%emt 0:00:02]} 59. Kh3 {[%emt 0:01:07]} Ra4 {[%emt 0:02:30]} 60. f3 {[%emt 0:00:17]} Bc4 {[%emt 0:00:47]} 61. Re7+ {[%emt 0:04:17]} Kf8 {[%emt 0:00:44]} 62. Rh7 {[%emt 0:00:57]} Be6+ {[%emt 0:00:17]} 63. Kxh4 {[%emt 0:00:23]} Bd5 {[%emt 0:00:20]} 64. Kg5 {[%emt 0:01:16]} Bxe4 {[%emt 0:00:06]} 65. Rf7+ {[%emt 0:00:25]} Ke8 {[%emt 0:06:40]} 66. fxe4 {[%emt 0:00:15]} Rxe4 {[%emt 0:00:07]} 67. Rf5 {[%emt 0:00:20]} Re1 {[%emt 0:00:06]} 68. g7 {[%emt 0:00:14]} Ke7 {[%emt 0:00:31]} 69. Kg6 {[%emt 0:00:06]} Rg1+ {[%emt 0:00:37]} 70. Rg5 {[%emt 0:00:05]} Rxg5+ {[%emt 0:00:52]} 71. Kxg5 {[%emt 0:00:05]} Kf7 {[%emt 0:00:03]} 72. Kf5 {[%emt 0:00:03]} Kxg7 {[%emt 0:00:10]} 73. Ke6 1-0

[Event "2nd Irena Warakomska Memorial-A"]
[Site "Suwalki"]
[Date "2018.08.07"]
[Round "8"]
[White "Kosakowski, Jakub"]
[Black "Fedorov, Alexei"]
[Result "1/2-1/2"]
[WhiteElo "2361"]
[BlackElo "2561"]
[Annotator "ChessBase"]
[PlyCount "139"]
[EventDate "2018.08.01"]
[EventType "swiss"]
[EventCountry "POL"]
[SourceTitle "playchess.com"]
[Source "ChessBase"]
[SourceQuality "1"]
[TimeControl "40/5400+30:1800+30"]

1. e4 {[%emt 0:00:00]} c5 {[%emt 0:00:00]} 2. Nf3 {[%emt 0:00:06]} Nc6 {[%emt 0:00:00]} 3. d4 {[%emt 0:00:35]} cxd4 {[%emt 0:00:00]} 4. Nxd4 {[%emt 0:00:06]} e5 {[%emt 0:00:19]} 5. Nb5 {[%emt 0:01:24]} d6 {[%emt 0:00:19]} 6. N1c3 {[%emt 0:01:09]} a6 {[%emt 0:00:58]} 7. Na3 {[%emt 0:00:11]} Be7 {[%emt 0:00:36]} 8. Be3 {[%emt 0:03:27]} Rb8 {[%emt 0:02:11]} 9. Nd5 {[%emt 0:01:42]} b5 {[%emt 0:00:12]} 10. c4 {[%emt 0:08:43]} b4 {[%emt 0:00:13]} 11. Nc2 {[%emt 0:00:10]} Nf6 {[%emt 0:00:16]} 12. g3 {[%emt 0:08:45]} Nxe4 {[%emt 0:15:01]} 13. Bg2 {[%emt 0:00:12]} f5 {[%emt 0:02:18]} 14. b3 {[%emt 0:03:25]} Be6 {[%emt 0:08:44]} 15. Qd3 {[%emt 0:04:46]} O-O {[%emt 0:08:33]} 16. Rd1 {[%emt 0:04:06]} Bg5 {[%emt 0:03:58]} 17. O-O {[%emt 0:08:37]} Kh8 {[%emt 0:07:56]} 18. Bxg5 {[%emt 0:07:23]} Nxg5 {[%emt 0:02:53]} 19. Nde3 {[%emt 0:03:31]} f4 {[%emt 0:18:54]} 20. Bxc6 {[%emt 0:11:32]} fxe3 {[%emt 0:00:13]} 21. Qxe3 {[%emt 0:00:19]} Bg4 {[%emt 0:10:45]} 22. f3 {[%emt 0:01:47]} Bf5 {[%emt 0:00:09]} 23. Rd2 {[%emt 0:07:28]} Qf6 {[%emt 0:05:15]} 24. Rfd1 {[%emt 0:05:48]} Ne6 {[%emt 0:05:13]} 25. Be4 {[%emt 0:04:08]} Bxe4 {[%emt 0:02:32]} 26. fxe4 {[%emt 0:00:07]} Qe7 {[%emt 0:00:28]} 27. Rf1 {[%emt 0:08:24]} Rxf1+ {[%emt 0:01:14]} 28. Kxf1 {[%emt 0:00:06]} Nc5 {[%emt 0:01:05]} 29. Rf2 {[%emt 0:01:00]} Qb7 {[%emt 0:01:00]} 30. Re2 {[%emt 0:02:21]} a5 {[%emt 0:00:54]} 31. Ne1 {[%emt 0:01:18]} Rf8+ {[%emt 0:00:34]} 32. Kg2 {[%emt 0:00:18]} Qf7 {[%emt 0:00:19]} 33. Nf3 {[%emt 0:00:11]} g5 {[%emt 0:01:36]} 34. Rf2 {[%emt 0:01:36]} g4 {[%emt 0:00:42]} 35. Nd2 {[%emt 0:00:05]} Qxf2+ {[%emt 0:00:21]} 36. Qxf2 {[%emt 0:00:01]} Rxf2+ {[%emt 0:00:05]} 37. Kxf2 {[%emt 0:00:05]} Kg7 {[%emt 0:01:26]} 38. Ke3 {[%emt 0:00:08]} Kf6 {[%emt 0:00:15]} 39. Ke2 {[%emt 0:00:37]} h5 {[%emt 0:00:34]} 40. Ke3 {[%emt 0:00:00]} Kg5 {[%emt 0:00:00]} 41. Ke2 {[%emt 0:00:42]} Kf6 {[%emt 0:01:12]} 42. Ke3 {[%emt 0:00:54]} Ke7 {[%emt 0:01:59]} 43. Ke2 {[%emt 0:01:42]} Kd7 {[%emt 0:00:13]} 44. Ke3 {[%emt 0:00:06]} Kc6 {[%emt 0:00:50]} 45. Ke2 {[%emt 0:00:21]} a4 {[%emt 0:10:02]} 46. Ke3 {[%emt 0:02:03]} axb3 {[%emt 0:01:29]} 47. axb3 {[%emt 0:00:30]} Ne6 {[%emt 0:00:09]} 48. Ke2 {[%emt 0:01:33]} Nd4+ {[%emt 0:00:09]} 49. Ke3 {[%emt 0:00:32]} Kb6 {[%emt 0:00:08]} 50. Kd3 {[%emt 0:03:26]} Kc5 {[%emt 0:00:05]} 51. Ke3 {[%emt 0:01:08]} Nxb3 {[%emt 0:06:25]} 52. Nxb3+ {[%emt 0:00:08]} Kxc4 {[%emt 0:00:03]} 53. Nd2+ {[%emt 0:00:08]} Kc3 {[%emt 0:00:06]} 54. Ke2 {[%emt 0:00:04]} b3 {[%emt 0:04:02]} 55. Kd1 {[%emt 0:00:50]} b2 {[%emt 0:00:09]} 56. Nb1+ {[%emt 0:00:07]} Kd4 {[%emt 0:03:59]} 57. Kc2 {[%emt 0:01:35]} Kxe4 {[%emt 0:00:15]} 58. Nd2+ {[%emt 0:00:06]} Ke3 {[%emt 0:03:28]} 59. Nc4+ {[%emt 0:00:38]} Kf3 {[%emt 0:00:17]} 60. Kxb2 {[%emt 0:05:38]} e4 {[%emt 0:00:45]} 61. Nd2+ {[%emt 0:01:40]} Ke3 {[%emt 0:00:30]} 62. Kc3 {[%emt 0:01:44]} d5 {[%emt 0:00:20]} 63. Nb3 {[%emt 0:00:06]} Kf2 {[%emt 0:01:20]} 64. Nd4 {[%emt 0:00:40]} Kg2 {[%emt 0:02:11]} 65. Kd2 {[%emt 0:00:28]} Kxh2 {[%emt 0:00:31]} 66. Ne2 {[%emt 0:00:27]} d4 {[%emt 0:00:38]} 67. Nxd4 {[%emt 0:00:49]} Kxg3 {[%emt 0:00:08]} 68. Ke3 {[%emt 0:00:09]} h4 {[%emt 0:00:46]} 69. Kxe4 {[%emt 0:00:19]} Kf2 {[%emt 0:00:37]} 70. Nf5 {[%emt 0:00:12]} 1/2-1/2

[Event "2nd Irena Warakomska Memorial-A"]
[Site "Suwalki"]
[Date "2018.08.07"]
[Round "8"]
[White "Punin, Andrii"]
[Black "Czarnota, Pawel"]
[Result "0-1"]
[WhiteElo "2339"]
[BlackElo "2548"]
[Annotator "ChessBase"]
[PlyCount "66"]
[EventDate "2018.08.01"]
[EventType "swiss"]
[EventCountry "POL"]
[SourceTitle "playchess.com"]
[Source "ChessBase"]
[SourceQuality "1"]
[TimeControl "40/5400+30:1800+30"]

1. e4 {[%emt 0:00:00]} c5 {[%emt 0:00:00]} 2. Nf3 {[%emt 0:00:00]} d6 {[%emt 0:00:00]} 3. d4 {[%emt 0:00:00]} cxd4 {[%emt 0:00:00]} 4. Nxd4 {[%emt 0:00:00]} Nf6 {[%emt 0:00:05]} 5. Nc3 {[%emt 0:00:00]} Nc6 {[%emt 0:00:05]} 6. Bg5 {[%emt 0:00:21]} e6 {[%emt 0:00:06]} 7. Qd2 {[%emt 0:00:07]} a6 {[%emt 0:00:05]} 8. O-O-O {[%emt 0:00:07]} Bd7 {[%emt 0:00:04]} 9. f4 {[%emt 0:00:32]} Be7 {[%emt 0:01:55]} 10. Be2 {[%emt 0:07:32]} O-O {[%emt 0:19:19]} 11. h4 {[%emt 0:07:51]} b5 {[%emt 0:14:38]} 12. a3 {[%emt 0:03:55]} Qc7 {[%emt 0:12:47]} 13. Nxc6 {[%emt 0:08:46]} Bxc6 {[%emt 0:00:45]} 14. Bf3 {[%emt 0:03:26]} Rac8 {[%emt 0:05:04]} 15. Qe2 {[%emt 0:05:40]} Rfd8 {[%emt 0:04:50]} 16. f5 {[%emt 0:08:36]} Re8 {[%emt 0:08:36]} 17. fxe6 {[%emt 0:04:01]} fxe6 {[%emt 0:00:10]} 18. Bg4 {[%emt 0:00:31]} Nxg4 {[%emt 0:07:42]} 19. Qxg4 {[%emt 0:01:58]} Bf8 {[%emt 0:00:31]} 20. h5 {[%emt 0:05:59]} a5 {[%emt 0:00:28]} 21. h6 {[%emt 0:00:09]} g6 {[%emt 0:05:40]} 22. Rd4 {[%emt 0:09:21]} e5 {[%emt 0:05:25]} 23. Rd2 {[%emt 0:00:20]} b4 {[%emt 0:00:04]} 24. Nd5 {[%emt 0:09:08]} Bxd5 {[%emt 0:00:05]} 25. exd5 {[%emt 0:00:04]} bxa3 {[%emt 0:00:03]} 26. Rh3 {[%emt 0:00:08]} axb2+ {[%emt 0:02:17]} 27. Kxb2 {[%emt 0:00:43]} a4 {[%emt 0:00:54]} 28. Kc1 {[%emt 0:04:52]} Qc5 {[%emt 0:03:22]} 29. Be3 {[%emt 0:03:55]} Qb5 {[%emt 0:04:28]} 30. Rf3 {[%emt 0:02:02]} Rc4 {[%emt 0:02:33]} 31. Qh3 {[%emt 0:01:10]} Rb4 {[%emt 0:01:14]} 32. Rd1 {[%emt 0:01:10]} Rb1+ {[%emt 0:00:07]} 33. Kd2 {[%emt 0:00:05]} Qxd5+ {[%emt 0:00:04]} 0-1

[Event "2nd Irena Warakomska Memorial-A"]
[Site "Suwalki"]
[Date "2018.08.07"]
[Round "8"]
[White "Grebeniuk, Semen"]
[Black "Pietruszewski, Marcin"]
[Result "1-0"]
[WhiteElo "2306"]
[BlackElo "2208"]
[Annotator "NA"]
[PlyCount "79"]
[EventDate "2018.08.01"]
[EventType "swiss"]
[EventCountry "POL"]
[SourceTitle "playchess.com"]
[Source "ChessBase"]
[SourceQuality "1"]
[TimeControl "40/5400+30:1800+30"]

1. Nf3 {[%emt 0:00:00]} Nf6 {[%emt 0:01:43]} 2. g3 {[%emt 0:00:00]} d5 {[%emt 0:00:03]} 3. Bg2 {[%emt 0:00:00]} Bg4 {[%emt 0:04:34]} 4. O-O {[%emt 0:00:49]} Nbd7 {[%emt 0:00:26]} 5. d3 {[%emt 0:00:49]} c6 {[%emt 0:05:25]} 6. h3 {[%emt 0:00:29]} Bh5 {[%emt 0:01:41]} 7. Qe1 {[%emt 0:02:03]} e5 {[%emt 0:00:51]} 8. e4 {[%emt 0:00:12]} dxe4 {[%emt 0:03:19]} 9. dxe4 {[%emt 0:01:49]} Bc5 {[%emt 0:01:53]} 10. a4 {[%emt 0:02:38]} O-O {[%emt 0:02:31]} 11. Na3 {[%emt 0:00:34]} Qe7 {[%emt 0:00:18]} 12. Nh4 {[%emt 0:01:16]} Rfd8 {[%emt 0:02:49]} 13. Nc4 {[%emt 0:02:12]} Ne8 {[%emt 0:02:57]} 14. Bd2 {[%emt 0:14:46]} a6 {[%emt 0:14:40]} 15. Na5 {[%emt 0:14:51]} Rab8 {[%emt 0:01:56]} 16. Nb3 {[%emt 0:06:14]} Ba7 {[%emt 0:15:23]} 17. Bb4 {[%emt 0:02:03]} Qe6 {[%emt 0:05:08]} 18. Kh1 {[%emt 0:15:39]} Nd6 {[%emt 0:16:24]} 19. Nf5 {[%emt 0:09:22]} Nxf5 {[%emt 0:08:06]} 20. exf5 {[%emt 0:00:24]} Qxf5 {[%emt 0:00:01]} 21. Bd6 {[%emt 0:09:21]} Bf3 {[%emt 0:03:20]} 22. g4 {[%emt 0:02:47]} Bxg4 {[%emt 0:06:53]} 23. hxg4 {[%emt 0:01:04]} Qxg4 {[%emt 0:00:02]} 24. Bxb8 {[%emt 0:00:53]} Bxb8 {[%emt 0:00:06]} 25. Qe3 {[%emt 0:00:54]} Nf6 {[%emt 0:01:23]} 26. Qh3 {[%emt 0:00:30]} Qf4 {[%emt 0:00:33]} 27. Rad1 {[%emt 0:01:11]} Re8 {[%emt 0:00:15]} 28. Nc5 {[%emt 0:05:42]} e4 {[%emt 0:00:28]} 29. Nd7 {[%emt 0:00:36]} Nxd7 {[%emt 0:00:49]} 30. Rxd7 {[%emt 0:00:14]} g6 {[%emt 0:00:29]} 31. Kg1 {[%emt 0:01:54]} Kg7 {[%emt 0:00:32]} 32. Rxb7 {[%emt 0:01:06]} Bd6 {[%emt 0:00:29]} 33. Re1 {[%emt 0:01:15]} Re5 {[%emt 0:00:23]} 34. Qe3 {[%emt 0:01:13]} Qg4 {[%emt 0:00:38]} 35. Qd4 {[%emt 0:00:36]} Qe6 36. Rxe4 Qf6 {[%emt 0:01:00]} 37. Rxe5 {[%emt 0:00:39]} Bxe5 {[%emt 0:00:01]} 38. Qe4 {[%emt 0:00:40]} Qg5 {[%emt 0:00:21]} 39. Qe3 Qh5 40. Qf3 {[%emt 0:00:00]} 1-0

[Event "2nd Irena Warakomska Memorial-A"]
[Site "Suwalki"]
[Date "2018.08.07"]
[Round "8"]
[White "Szostko, Jakub"]
[Black "Kokoszczynski, Jan"]
[Result "1/2-1/2"]
[WhiteElo "2299"]
[BlackElo "2187"]
[Annotator "NA"]
[PlyCount "73"]
[EventDate "2018.08.01"]
[EventType "swiss"]
[EventCountry "POL"]
[SourceTitle "playchess.com"]
[Source "ChessBase"]
[SourceQuality "1"]
[TimeControl "40/5400+30:1800+30"]

1. e4 {[%emt 0:00:00]} c5 {[%emt 0:00:00]} 2. Nf3 d6 {[%emt 0:00:00]} 3. d4 {[%emt 0:00:00]} cxd4 {[%emt 0:00:00]} 4. Nxd4 {[%emt 0:00:00]} Nf6 {[%emt 0:00:00]} 5. Nc3 {[%emt 0:00:00]} a6 6. h3 {[%emt 0:00:18]} e6 {[%emt 0:00:11]} 7. g4 {[%emt 0:00:12]} Be7 {[%emt 0:00:14]} 8. g5 {[%emt 0:00:28]} Nfd7 {[%emt 0:00:24]} 9. h4 {[%emt 0:01:52]} Nc6 {[%emt 0:04:02]} 10. Be3 {[%emt 0:00:49]} Nxd4 {[%emt 0:06:44]} 11. Qxd4 O-O {[%emt 0:00:54]} 12. O-O-O {[%emt 0:02:53]} b5 {[%emt 0:05:07]} 13. f4 {[%emt 0:21:28]} Bb7 {[%emt 0:14:00]} 14. a3 {[%emt 0:09:57]} Rc8 {[%emt 0:14:10]} 15. Rh3 {[%emt 0:11:12]} Nc5 {[%emt 0:03:31]} 16. Bg2 {[%emt 0:06:02]} Qc7 {[%emt 0:18:16]} 17. Kb1 {[%emt 0:02:17]} Rfd8 {[%emt 0:07:07]} 18. Qd2 {[%emt 0:03:22]} d5 {[%emt 0:01:46]} 19. exd5 {[%emt 0:01:58]} Na4 {[%emt 0:15:04]} 20. Nxa4 {[%emt 0:04:45]} bxa4 {[%emt 0:01:10]} 21. Qf2 Bxd5 22. Bxd5 {[%emt 0:05:21]} Rxd5 {[%emt 0:00:45]} 23. Rxd5 {[%emt 0:00:30]} exd5 {[%emt 0:00:06]} 24. Bd4 {[%emt 0:03:00]} Qd7 {[%emt 0:00:26]} 25. f5 {[%emt 0:03:18]} Re8 {[%emt 0:00:57]} 26. Re3 {[%emt 0:01:59]} Bd6 {[%emt 0:00:35]} 27. f6 g6 {[%emt 0:00:03]} 28. Qe2 {[%emt 0:02:32]} Rxe3 {[%emt 0:04:24]} 29. Qxe3 Qb5 {[%emt 0:00:59]} 30. Qh3 {[%emt 0:15:08]} Qc4 {[%emt 0:03:16]} 31. Bc3 {[%emt 0:03:43]} h5 {[%emt 0:00:44]} 32. Bb4 {[%emt 0:01:01]} Be5 {[%emt 0:00:24]} 33. Qh1 {[%emt 0:00:59]} Qe4 {[%emt 0:00:31]} 34. Qh3 {[%emt 0:00:18]} Qg4 {[%emt 0:00:09]} 35. Qh1 Qe4 {[%emt 0:00:05]} 36. Qh3 {[%emt 0:01:36]} Qg4 37. Qh1 {[%emt 0:00:45]} 1/2-1/2